000 00344nam a2200133Ia 4500
008 240624s9999 xx 000 0 und d
041 _aeng
082 _a658.15 DEA
100 _aDEACON JOHN
245 _aGLOBAL SECURITISATION AND CDOS
260 _c2007
_aNew York
_bJohn Wiley & Sons
300 _axiv, : 674 : p. : cm. ; 25
365 _c
_b27
999 _c20790
_d20790